| 000 | 01525nam a2200373 a 4500 | ||
|---|---|---|---|
| 001 | 0000382 | ||
| 003 | DO-SdBNP | ||
| 005 | 20160627102408.0 | ||
| 007 | 0000382 | ||
| 008 | 150817s201u abc spa d | ||
| 020 | _a994540038X | ||
| 040 |
_aBPMSU _bspa _cBPMSU |
||
| 092 |
_a373.83 _bH557h, 4to. [20--] |
||
| 100 | 1 | _aHernández, Ricardo | |
| 245 | 1 | 0 |
_aHistoria y geografía de América / _b[cuarto grado de educación media] _cRicardo Hernández, Alejandro Hernández Grullón ; ilustración Ramón Sandoval |
| 260 |
_aSanto Domingo : _bActualidad escolar 2000, _c[20--]. |
||
| 300 |
_a2v. : _bil. mapa, retrs. _c28 cm. |
||
| 500 | _aSegundo ciclo educación media. | ||
| 500 | _aIncluye guía metodológica. | ||
| 500 | _aLa biblioteca posee libro texto y guía metodológica. | ||
| 504 | _aBibliografía p.: 224 | ||
| 505 | 1 |
_tConflictos sociales y políticos (1961-1965) -- _tProcesos sociopolíticos y económicos (1966-2005) -- _tEl estado dominicano -- _tLa economía y el estado dominicano -- |
|
| 650 | 4 |
_aCIENCIAS SOCIALES _xENSEÑANZA SECUNDARIA |
|
| 650 | 4 |
_aEDUCACIÓN SECUNDARIA _zREPÚBLICA DOMINICANA |
|
| 650 | 4 |
_aCIENCIAS SOCIALES _xLIBROS DE TEXTOS |
|
| 650 | 4 |
_aCIENCIAS SOCIALES _xESTUDIOS Y EJERCICIOS |
|
| 650 | 4 |
_aCIENCIAS SOCIALES _xEDUCACIÓN SECUNDARIA |
|
| 700 | 1 | 2 | _aHernández Grullón, Alejandro |
| 700 | 1 | 2 |
_aGarcía, Benito _ecolab. |
| 700 | 1 | 2 |
_aSandoval, Ramón _eil. |
| 910 | _aValidado. Control de calidad MFF | ||
| 942 |
_2ddc _cBK |
||
| 956 |
_aYngrid Lockward _b10 |
||
| 999 |
_c10083 _d10083 |
||